[Event "GCT 2024 Croazia - Rapid"]
[Site "Zagabria"]
[Date "10.07.2024"]
[Round "1R"]
[White "Nepomniachtchi, Ian"]
[Black "Firouzja, Alireza"]
[Result "1/2-1/2"]
[WhiteElo "2770"]
[BlackElo "2744"]
[EventDate "2024.07.10"]

1. e4 c5 2. Nf3 d6 3. Bb5+ Nd7 4. a4 Ngf6 5. Nc3 a6 6. Bc4 e6 7. d4 cxd4 8.
Nxd4 Ne5 9. Bb3 Bd7 10. f4 Nc6 11. Be3 Nxd4 12. Bxd4 Bc6 13. Qe2 Be7 14.
O-O-O Qa5 15. g4 O-O 16. g5 Nd7 17. h4 Nc5 18. Bxc5 dxc5 19. f5 b5 20. f6
Bd8 21. fxg7 Kxg7 22. Qh5 c4 23. Qh6+ Kg8 24. h5 Qc7 25. g6 fxg6 26. hxg6
Qf4+ 27. Qxf4 Rxf4 28. gxh7+ Kh8 29. Ba2 b4 30. Rd6 Rc8 31. Bxc4 bxc3 32.
Bxa6 Bg5 33. Kb1 Bxe4 34. Bxc8 Bxh1 35. Bxe6 Rb4 36. b3 Rf4 37. Bc4 Kxh7
38. Bd3+ Be4 39. Rd4 Bxd3 40. Rxf4 Bxc2+ 41. Kxc2 Bxf4 42. Kxc3 Kg7 43. Kc4
Kf7 44. a5 Ke7 45. Kb5 Kd7 46. b4 Kc7 47. Ka6 Be3 48. b5 Kb8 49. b6 Bf2 50.
Kb5 Bg1 51. Kc6 Bf2 52. a6 Bxb6 53. Kxb6 Ka8 54. a7 1/2-1/2

[Event "GCT 2024 Croazia - Rapid"]
[Site "Zagabria"]
[Date "10.07.2024"]
[Round "1R"]
[White "Saric, Ivan"]
[Black "Giri, Anish"]
[Result "1/2-1/2"]
[WhiteElo "2690"]
[BlackElo "2745"]
[EventDate "2024.07.10"]

1. e4 c5 2. Nf3 d6 3. Bb5+ Nd7 4. Ba4 Ngf6 5. O-O e6 6. d3 Be7 7. c4 O-O 8.
Nc3 a6 9. Qe2 b5 10. cxb5 Nb6 11. Bc2 axb5 12. Nxb5 Ba6 13. Nc3 d5 14. Rd1
Qc7 15. Bg5 h6 16. Bh4 Nxe4 17. Nxe4 dxe4 18. Qxe4 Bb7 19. Bg3 Bxe4 20.
Bxc7 Bxf3 21. gxf3 Nd5 22. Be5 Nb4 23. Bb3 Rfd8 24. Bc4 Nc6 25. Bc3 Nd4 26.
Kg2 Ne2 27. a4 Nxc3 28. bxc3 Bf6 29. Ra3 Ra5 30. Bb5 Rd5 31. Rb1 Rg5+ 32.
Kh1 Rh5 33. Kg2 Be5 34. h3 Rg5+ 35. Kh1 Rh5 36. Kg2 Rg5+ 37. Kh1 Rh5 38.
Kg2 Rg5+ 1/2-1/2

[Event "GCT 2024 Croazia - Rapid"]
[Site "Zagabria"]
[Date "11.07.2024"]
[Round "4R"]
[White "Vidit, Gujrathi"]
[Black "So, Wesley"]
[Result "0-1"]
[WhiteElo "2720"]
[BlackElo "2757"]
[EventDate "2024.07.10"]

1. e4 e5 2. Nf3 Nc6 3. Bb5 Nf6 4. d3 Bc5 5. Ba4 O-O 6. O-O d6 7. c3 Ne7 8.
Nbd2 Ng6 9. h3 a5 10. d4 Ba7 11. Re1 exd4 12. cxd4 d5 13. Bc2 c6 14. e5 Nh5
15. Nf1 Nhf4 16. Bxf4 Nxf4 17. Qd2 Ne6 18. Ng3 f6 19. Bf5 g6 20. Bxe6+ Bxe6
21. Qh6 Qe7 22. exf6 Rxf6 23. Re3 Qg7 24. Qxg7+ Kxg7 25. Rae1 Bg8 26. Ra3
Bb6 27. Rb3 Ra6 28. a4 Re6 29. Rxe6 Bxe6 30. Ne2 Kf6 31. g4 Bc8 32. Re3 Bc7
33. Kg2 Be6 34. b3 Ra8 35. Ne1 h5 36. f3 Re8 37. Nd3 Bf7 38. Kf2 Rxe3 39.
Kxe3 g5 40. Nc5 b6 41. Nd3 Bd6 42. Nc3 Bg6 43. Ke2 Ke6 44. Ke3 Bh2 45. Ne2
Kf6 46. Kd2 hxg4 47. hxg4 Ke6 48. Nc3 Kd6 49. Ne2 Bh7 50. Nf2 Ke6 51. Nh3
Kf6 52. Nf2 c5 53. Nd3 Bd6 54. Nc3 Ke6 55. Nb5 cxd4 56. Nxd4+ Kd7 57. Nb5
Bc5 58. Kc3 Be3 59. Ne5+ Ke6 60. Nd3 Bc5 61. Nc7+ Kd6 62. Nb5+ Ke6 63. Nc7+
Kd6 64. Nb5+ Kd7 65. Kd2 Be7 66. Ke3 Bf6 67. Kd2 Bg6 68. Ke3 Kc6 69. Na7+
Kd7 70. Nb5 Bf7 71. Nd4 Bg8 72. f4 gxf4+ 73. Nxf4 Kd6 74. Nf5+ Kc6 75. Nd4+
Kc5 76. Nd3+ Kd6 77. Nf5+ Ke6 78. b4 axb4 79. Nxb4 Bh7 80. Nc6 Bg6 81. Kd3
Be8 82. Ncd4+ Ke5 83. Nb5 Bd7 84. Nc3 Bg5 85. Nb5 Bf6 86. Nc3 Bg5 87. Nb5
Be8 88. Nfd6 Bg6+ 89. Nf5 Be7 90. Nbd4 Bc5 91. Ne2 Bh7 92. Nc3 Bg6 93. Ne2
Be8 94. Nc3 Bd7 95. Nb5 Kf4 96. Nc3 Be6 97. Nd4 Bf7 98. Nf5 Bg6 99. Ke2 d4
100. Nb5 d3+ 101. Kd2 Kxg4 102. Ne3+ Kf4 103. Nd5+ Ke5 104. Nbc3 Kd4 105.
Nf4 Bf5 106. Nb5+ Kc4 107. Ng2 Bb4+ 108. Ke3 d2 109. Kf4 Bc5 110. Nd6+
Bxd6+ 111. Kxf5 Bc5 0-1

[Event "GCT 2024 Croazia - Rapid"]
[Site "Zagabria"]
[Date "11.12.08"]
[Round "5"]
[White "Saric, Ivan"]
[Black "Caruana, Fabiano"]
[Result "0-1"]
[WhiteElo "2690"]
[BlackElo "2796"]
[PlyCount "76"]
[EventDate "2024.07.10"]

1. Nf3 Nf6 2. g3 b5 3. e3 a6 4. b3 Bb7 5. c4 b4 6. Bb2 g6 7. Bxf6 exf6 8. Bg2
Bg7 9. d4 f5 10. O-O O-O 11. a3 a5 12. axb4 axb4 13. Rxa8 Bxa8 14. Nbd2 c5 15.
Qc2 Qa5 16. Rd1 Na6 17. h4 cxd4 18. Nxd4 Bxg2 19. Kxg2 Nc5 20. N2f3 Ra8 21. Ne1
Qa3 22. Rb1 Qa6 23. Nd3 Qb7+ 24. Kg1 Ne4 25. Nb5 Bc3 26. Rd1 d5 27. Nf4 dxc4
28. bxc4 Qc6 29. Qe2 Bg7 30. Nd5 Qc5 31. Nd4 (31. Qc2 h5 32. Qb3 Bf8 33. Kg2
Ra6) 31... Bf8 32. g4 (32. Rb1 h5 33. Qc2 Ra3 34. Nb5) 32... fxg4 33. Qxg4 Nc3
34. Nxc3 bxc3 35. Qe2 Ra4 36. Rc1 Rxc4 37. h5 Qg5+ 38. Kf1 Rxd4 0-1

[Event "GCT 2024 Croazia - Rapid"]
[Site "Zagabria"]
[Date "12.07.2024"]
[Round "9R"]
[White "So, Wesley"]
[Black "Firouzja, Alireza"]
[Result "1/2-1/2"]
[WhiteElo "2757"]
[BlackElo "2744"]
[EventDate "2024.07.10"]

1. d4 Nf6 2. c4 e6 3. Nc3 Bb4 4. e3 b6 5. Nge2 Ba6 6. a3 Be7 7. Nf4 d5 8.
cxd5 Bxf1 9. Kxf1 exd5 10. g4 O-O 11. g5 Ne4 12. Nfxd5 Bxg5 13. Nxe4 Qxd5
14. Qf3 Nd7 15. Nxg5 Qxg5 16. Rg1 Qb5+ 17. Qe2 Qf5 18. Qg4 Qb5+ 19. Qe2 Qf5
20. Qg4 Qb5+ 21. Qe2 1/2-1/2

[Event "GCT 2024 Croazia - Blitz"]
[Site "Zagabria"]
[Date "13.07.2024"]
[Round "6B"]
[White "Vidit, Gujrathi"]
[Black "Saric, Ivan"]
[Result "1/2-1/2"]
[WhiteElo "2720"]
[BlackElo "2690"]
[EventDate "2024.07.13"]
[WhiteFideId "5029465"]
[BlackFideId "14508150"]
[WhiteClock "00:00:14"]
[BlackClock "00:00:00"]

1. e4 c5 2. Nf3 d6 3. Bb5+ Nd7 4. d4 cxd4 5. Nxd4 Nf6 6. Bd3 e6 7. c4 Nc5
8. Nc3 Nxd3+ 9. Qxd3 Be7 10. O-O O-O 11. Bg5 h6 12. Bh4 a6 13. Rfd1 Bd7 14.
Rac1 Rc8 15. h3 Qc7 16. b3 Rfd8 17. Bg3 Qa5 18. a4 Nh5 19. Bh2 Qg5 20. Nf3
Nf4 21. Nxg5 Nxd3 22. Rxd3 hxg5 23. Rcd1 Bc6 24. Bxd6 Bxd6 25. Rxd6 Rxd6
26. Rxd6 Kf8 27. f3 Ke7 28. Rd2 a5 29. Kf2 Kf6 30. Ke3 Ke5 31. Ne2 f5 32.
exf5 exf5 33. Nd4 Be8 34. Re2 Kf6 35. Kd3 Bd7 36. Kc3 g4 37. fxg4 fxg4 38.
Rf2+ Kg6 39. hxg4 Bxg4 40. Nb5 Re8 41. Kd4 Bd1 42. Rb2 Kg5 43. Nd6 Re7 44.
Ne4+ Kf4 45. Rf2+ Kg4 46. Rb2 g5 47. Nf2+ Kg3 48. Ne4+ Kf4 49. Nc3 Rd7+ 50.
Nd5+ Kg3 51. Ke5 g4 52. c5 Rd8 53. Nc3 Re8+ 54. Kd6 Bf3 55. gxf3 gxf3 56.
Nd1 Rd8+ 57. Kc7 Rxd1 58. Kxb7 f2 59. Rxf2 Kxf2 60. c6 Rb1 61. c7 Rxb3+ 62.
Kc6 Rc3+ 63. Kb7 Rb3+ 64. Ka6 Rc3 65. Kxa5 Rxc7 66. Kb6 Rc1 67. a5 Rb1+ 68.
Kc6 Ra1 69. Kb6 Ke3 70. a6 Kd4 71. a7 Kd5 72. Kb7 Rxa7+ 73. Kxa7 Ke5
1/2-1/2